00544nam a22001937a 450000500170000001000130001702000230003003500130005303700160006604000120008208200110009410000220010524500550012726000470018227000530022930000220028265000270030465000190033120170124110248.0 aB-212908 c150.00a8176463558 aB-212908 bCen Lib/Ret aDPLbEN aNbDUA aDuara, Srutimala  aAshes in the seas :ba novel /cby Srutimala Duara aDelhi bB.R. Publishing Corporation c2003 bDelhi a3779, kanhaiya nagar, tri nagar e110035 a196p. c19cm(pbk) aLiterature -- Fiction  aEnglish novel